000
00289nam a2200097Ia 4500
008
180205s9999 xx 000 0 und d
100
_a
Eden, Karen
245
_c
Yates, Keith
_a
The complete idiot's guide to tae kwon do /
260
_a
Philippines
_b
Alpha books
_c
1998
300
_a
ix, 298 pages
999
_c
354713
_d
354713